MARC details
| 000 -LEADER |
| campo de control de longitud fija |
01751cam a2200349Li 4500 |
| 001 - NÚMERO DE CONTROL |
| campo de control |
78374 |
| 005 - FECHA Y HORA DE LA ÚLTIMA TRANSACCIÓN |
| campo de control |
20230410124102.0 |
| 008 - DATOS DE LONGITUD FIJA--INFORMACIÓN GENERAL |
| campo de control de longitud fija |
091006s2009 fr f b 001 0 fre d |
| 035 ## - NÚMERO DE CONTROL DEL SISTEMA |
| Número de control de sistema |
(OCoLC)ocn495196545 |
| 040 ## - FUENTE DE CATALOGACIÓN |
| Centro catalogador/agencia de origen |
ZWZ |
| Normas de descripción |
ncafnor |
| Lengua de catalogación |
fre |
| Centro/agencia transcriptor |
ZWZ |
| 020 ## - NÚMERO INTERNACIONAL ESTÁNDAR DEL LIBRO |
| Número Internacional Estándar del Libro |
9782707154132 (br) |
| 020 ## - NÚMERO INTERNACIONAL ESTÁNDAR DEL LIBRO |
| Número Internacional Estándar del Libro |
270715413X (br) |
| 029 0# - OTRO NÚMERO DE CONTROL DE SISTEMA (OCLC) |
| Identificador de la biblioteca OCLC |
ZWZ |
| Número de control de sistema |
137026404 |
| 035 ## - NÚMERO DE CONTROL DEL SISTEMA |
| Número de control de sistema |
(OCoLC)495196545 |
| 082 0# - NÚMERO DE LA CLASIFICACIÓN DECIMAL DEWEY |
| Número de clasificación |
305.094 4 |
| Número de edición |
22 |
| 049 ## - FONDOS LOCALES (OCLC) |
| Biblioteca depositaria |
GRAL |
| 050 14 - SIGNATURA TOPOGRÁFICA DE LA BIBLIOTECA DEL CONGRESO |
| Número de clasificación |
M455 |
| 100 1# - ENTRADA PRINCIPAL--NOMBRE DE PERSONA |
| Nombre de persona |
Maurin, Louis |
| Fechas asociadas al nombre |
(1966-....) |
| 245 10 - MENCIÓN DEL TÍTULO |
| Título |
Dechiffrer la societe francaise |
| Medio |
[Texte imprime] / |
| Mención de responsabilidad, etc. |
Louis Maurin ; [preface de Denis Clerc]. |
| 260 ## - PUBLICACIÓN, DISTRIBUCIÓN, ETC. |
| Lugar de publicación, distribución, etc. |
Paris : |
| Nombre del editor, distribuidor, etc. |
La Decouverte, |
| Fecha de publicación, distribución, etc. |
impr. 2009. |
| 300 ## - DESCRIPCIÓN FÍSICA |
| Extensión |
1 vol. (366 p.) : |
| Otras características físicas |
ill. ; |
| Dimensiones |
24 cm. |
| 500 ## - NOTA GENERAL |
| Nota general |
La couv. porte en plus : "Population, le dynamisme retrouve. Les metamorphoses de la famille. Hommes-femmes, a quand l'egalite ? Immigres et etrangers, douce France? Les ages de la vie. Le niveau scolaire monte, les inegalites demeurent. Le travail et l'ombre du chomage. Une France plus riche... et plus inegale. Portrait des milieux sociaux. Une societe de consommateurs. La societe de l'information et des loisirs. Mobilite, espace et logement, le cadre de vie. Corps, sante et sexualitâe, une societe bien dans sa peur? Insâecurite, entre fantasmes et realitâes. Valeurs, politique et lien social, ce quit unit" |
| 504 ## - NOTA DE BIBLIOGRAFÍA, ETC. |
| Nota de bibliografía, etc. |
Bibliographie p. [353]-356. Notes bibliographiques en bas de pages. Index. |
| 650 #7 - PUNTO DE ACCESO ADICIONAL DE MATERIA--TÉRMINO DE MATERIA |
| Término de materia o nombre geográfico como elemento de entrada |
Franðcais |
| Subdivisión general |
Conditions sociales. |
| Fuente del encabezamiento o término |
ram |
| 650 #7 - PUNTO DE ACCESO ADICIONAL DE MATERIA--TÉRMINO DE MATERIA |
| Término de materia o nombre geográfico como elemento de entrada |
Caractáere national franðcais. |
| Fuente del encabezamiento o término |
ram |
| 650 #7 - PUNTO DE ACCESO ADICIONAL DE MATERIA--TÉRMINO DE MATERIA |
| Término de materia o nombre geográfico como elemento de entrada |
Francais |
| Subdivisión general |
Conditions âeconomiques. |
| Fuente del encabezamiento o término |
ram |
| 651 #7 - PUNTO DE ACCESO ADICIONAL DE MATERIA--NOMBRE GEOGRÁFICO |
| Nombre geográfico |
France |
| Subdivisión general |
Conditions sociales. |
| Fuente del encabezamiento o término |
ram |
| 700 1# - ENTRADA AGREGADA--NOMBRE PERSONAL |
| Nombre de persona |
Clerc, Denis |
| Fechas asociadas al nombre |
(1943?-....). |
| Término indicativo de función/relación |
Prâef. |
| 942 ## - ELEMENTOS DE ENTRADA SECUNDARIOS (KOHA) |
| Fuente del sistema de clasificación o colocación |
Clasificación de Library of Congress |
| Tipo de ítem Koha |
|
| 946 ## - PROCESAMIENTO DE INFORMACIÓN LOCAL (OCLC) |
| a |
aa |
| 994 ## - |
| -- |
C0 |
| -- |
DRFGD |